Šokujte vďaka guerille

Nekonvenčná forma marketingovej komunikácie, ktorá je známa pod pojmom guerilla marketing. Účelom je dosiahnuť maximálny možný efekt s vynaložením minimálnych zdrojov.

Uložené v:
Podrobná bibliografia
Hlavný autor: Ševčíková, Kamila
Médium: Kapitola
Jazyk:Slovak
Predmet:
Tagy: Pridať tag
Žiadne tagy, Buďte prvý, kto otaguje tento záznam!

MARC

LEADER 00000naa a2200000 4500
001 0168316
005 20230912102411.4
041 0 |a slo 
044 |a SK 
245 1 0 |a Šokujte vďaka guerille  |c Kamila Ševčíková 
520 |a Nekonvenčná forma marketingovej komunikácie, ktorá je známa pod pojmom guerilla marketing. Účelom je dosiahnuť maximálny možný efekt s vynaložením minimálnych zdrojov. 
610 2 0 |a marketing 
610 2 0 |a nástroje marketingové 
610 2 0 |a stratégia marketingová 
610 2 0 |a komunikácia marketingová 
610 2 0 |a kampane reklamné 
610 2 0 |a starostlivosť o zákazníkov 
100 1 |a Ševčíková, Kamila